U.S. State Capitals Borderless Map Quiz - Statistics

General Stats
  • This quiz has been taken 79 times
  • The average score is 26 of 50
Answers on the Map
Answers color-coded by a green-red scale on the quiz's map according to % correct below.
 
Answer Stats
Answer % Correct
Austin
77%
Sacramento
77%
Olympia
71%
Honolulu
69%
Juneau
69%
Phoenix
69%
Baton Rouge
67%
Carson City
65%
Oklahoma City
65%
Santa Fe
65%
Salem
63%
Atlanta
60%
Boise
60%
Bismarck
58%
Salt Lake City
58%
Tallahassee
58%
Columbus
56%
Denver
56%
Springfield
54%
Des Moines
52%
Helena
52%
Saint Paul
52%
Albany
50%
Boston
50%
Montgomery
50%
Pierre
50%
Cheyenne
48%
Indianapolis
48%
Madison
48%
Nashville
48%
Jackson
46%
Lansing
46%
Little Rock
46%
Columbia
44%
Raleigh
44%
Richmond
44%
Topeka
44%
Augusta
42%
Charleston
40%
Lincoln
40%
Providence
40%
Harrisburg
38%
Trenton
38%
Annapolis
35%
Dover
35%
Frankfort
35%
Hartford
35%
Jefferson City
35%
Montpelier
31%
Concord
29%
No matching quizzes found
Score Distribution
Percent of People with Each Score
Percentile by Number Answered
Your Score History
You have not taken this quiz